000 00504cam a2200205 a 4500
001 1842348
005 20180112041743.0
008 810504s1981 nyua 001 0 eng
010 _a 81007449
020 _a0471086576
040 _aDLC
_cDLC
_dDLC
041 _aeng
080 _a692.8 RIC
082 0 0 _a692.8 RIC
_219
100 1 _a42
101 _aNDE
245 1 0 _aConstruction contracting /
_cRichard H. Clough.
906 _a7
_bcbc
_corignew
_d1
_eocip
_f19
_gy-gencatlg
942 _2ddc
_cBK
999 _c40177
_d40177